Las condiciones generales de la contratación: estudio de las disposiciones generales

-д хадгалсан:
Номзүйн дэлгэрэнгүй
Үндсэн зохиолч: Alfaro Aguila-Real, Jesús (Зохиогч)
Формат: Ном
Хэл сонгох:испани
Хэвлэсэн: Madrid Civitas 1991
Цуврал:Colección Monografías
Нөхцлүүд:
Шошгууд: Шошго нэмэх
Шошго байхгүй, Энэхүү баримтыг шошголох эхний хүн болох!

MARC

LEADER 00000nam a2200000 a 4500
001 UCQ8604
003 CL-VaPUC
008 981210e19910000SP |||||||||||||||||spa|d
082 0 4 |a 346.022  |b ALF  |2 21 
100 0 |a Alfaro Aguila-Real, Jesús  |e author  |9 422658 
245 1 4 |a Las condiciones generales de la contratación: estudio de las disposiciones generales 
300 |a 509 p 
942 |c BK 
945 |d 19981210 00:00:00  |a aarredon 
260 |a Madrid  |b Civitas  |c 1991 
650 0 |a Responsabilidad contractual  |9 256720 
650 0 |a Contratos  |9 255153 
650 0 |a Obligaciones   |9 255578 
650 0 |a Responsabilidad administrativa  |9 256129 
650 7 |a LEGITIMIDAD  |2 CL-VaPUC  |9 375933 
650 0 |a Naturaleza jurídica  |9 371885 
650 0 |a Derecho contractual  |9 373875 
583 |a last modification  |c 20190724 10:30:22  |k Rodrigo Vera 
490 0 |a Colección Monografías 
999 |c 277821  |d 277819 
952 |0 0  |1 0  |4 0  |6 346_022000000000000_ALF_1991  |7 0  |8 A  |9 316035  |a BIBDER  |b BIBDER  |d 2019-11-20  |i 3488721  |o 346.022 ALF 1991  |p 3488721  |r 2023-01-25  |w 2019-11-20  |y BK  |k DER